000 00629nam a22002053 4500
001 201891
021 _aPT
_b42 292/90
090 _a201891
100 _a20260312d u||y0pory50 ba
200 _aTrs̊ histr̤ias de proveito e exemplo
_fRui Caeiro, Joô Pequito
210 _aLisboa
_c[s.n.]
_d1990
215 _a66, [1] p.
_cbrochado
_d20 cm
300 _aContm̌ dedicatr̤ia na folha [3]
606 _96
_aLiteratura Portuguesa
675 _a821.134.3-3"19/20"
_vPT
_zpor
700 _916817
_aCaeiro
_bRui
_f1943-2019
701 _917167
_aPequito
_bJoô
801 _aPT
_bBMMN
_gRPC
830 _cAna Falardo
_fAna Falardo
990 _cLIVROS